000 00910nam a22002055i 4500
001 166190
003 ES-MaACL
005 20250726075518.0
008 050912s1900 fr | |||||||| ||fre d
040 _aCAM
_bspa
_cCAM
245 0 0 _aTextes religieux assyriens et babyloniens /
_ctranscription, traduction et commentaire par François Martin.
260 _aParis :
_bEmile Bouillon, éditeur,
_c1900 (
_fImprimerie française et orientale de E. Bertrand)
300 _aXXIX, 143 p., [1] h. de lám. ;
_c24 cm.
490 1 _aBibliothèque de l'Ecole des Hautes Etudes. Sciences philologiques et historiques ;
_v130
650 4 _aLengua acadia-
_vTextos.
_9136350
700 1 _aBouillon, Emile,
_eed.
_9187736
830 0 0 _aBibliothèque de l'École des Hautes Études. Sciences historiques et philologiques
_v130
_9229685
852 _aES-MaACL
_jC-7649
_z-- Enc. hol.
999 _c166190
_d166190